000
00321nam a2200133 4500
999
_c
9606
_d
9606
003
OSt
005
20210705122217.0
008
210705b ||||| |||| 00| 0 eng d
020
_a
9783869223711
082
_a
720.9431863
_b
THO
100
_a
Thöner, Wolfgang
245
_a
Architectural guide Dessau-Wörlitz
942
_2
ddc